[Event "Muensterland Verbandsliga 1920"]
[Site "Germany"]
[Date "2020.02.22"]
[Round "7.7"]
[White "Frieske, Hilmar"]
[Black "Rex, Dieter"]
[Result "0-1"]
[WhiteElo "1728"]
[BlackElo "1710"]
[PlyCount "122"]
[EventDate "2019.09.07"]
[EventType "team-tourn"]
[EventRounds "7"]
[EventCountry "GER"]
[SourceTitle "EXT 2023"]
[Source "ChessBase"]
[SourceDate "2022.10.05"]
[SourceVersion "1"]
[SourceVersionDate "2022.10.05"]
[SourceQuality "1"]
[WhiteTeam "Gescher"]
[BlackTeam "Telgte"]
[WhiteTeamCountry "GER"]
[BlackTeamCountry "GER"]

1. e4 c5 2. Nf3 d6 3. Bc4 e6 4. d4 cxd4 5. Nxd4 Nf6 6. Nc3 a6 7. Bd3 Be7 8. 0-0 0-0 9. Be3 Nbd7 10. Nf3 Qc7 11. Ne2 b5 12. Rc1 Bb7 13. c4 b4 14. Ng3 Nc5 15. Qc2 Rac8 16. b3 Rfd8 17. Bf4 h6 18. Rce1 Nfd7 19. Qd2 Ne5 20. Bc2 Nxf3+ 21. gxf3 a5 22. Nh5 g5 23. Be3 e5 24. h4 Ne6 25. Kh2 Kh7 26. Rg1 Rg8 27. Ng3 Nf4 28. Bxf4 gxf4 29. Nf5 Rg6 30. Rg4 h5 31. Rgg1 Rcg8 32. Qd1 Bc8 33. Qd5 Be6 34. Qd1 Qd8 35. Rxg6 Rxg6 36. Rg1 Bf8 37. Kh3 Qf6 38. Qf1 Be7 39. Kh2 Bxf5 40. exf5 Rxg1 41. Kxg1 Kh6 42. Qd3 Bd8 43. Kg2 Bb6 44. Qd5 Bc5 45. Qa8 Kg7 46. Qe4 Qxh4 47. Qe1 Kf6 48. Qg1 Qg5+ 49. Kf1 Qh6 50. Qg8 h4 51. Qd8+ Kg7 52. Qd7 h3 53. f6+ Qxf6 54. Qxh3 Qh6 55. Qg4+ Kf6 56. Qf5+ Ke7 57. Ke2 Qh4 58. Qe4 Qxf2+ 59. Kd3 Be3 60. Qb7+ Kf6 61. c5 Qd2+ 0-1

[Event "Muensterland Verbandsliga 1920"]
[Site "Germany"]
[Date "2020.01.11"]
[Round "5.7"]
[White "Waltermann, Jens"]
[Black "Frieske, Hilmar"]
[Result "1-0"]
[WhiteElo "1793"]
[BlackElo "1728"]
[PlyCount "59"]
[EventDate "2019.09.07"]
[EventType "team-tourn"]
[EventRounds "7"]
[EventCountry "GER"]
[SourceTitle "EXT 2023"]
[Source "ChessBase"]
[SourceDate "2022.10.05"]
[SourceVersion "1"]
[SourceVersionDate "2022.10.05"]
[SourceQuality "1"]
[WhiteTeam "Saerbeck"]
[BlackTeam "Gescher"]
[WhiteTeamCountry "GER"]
[BlackTeamCountry "GER"]

1. Nf3 Nf6 2. g3 d5 3. Bg2 Nc6 4. d4 Bg4 5. c3 Qc8 6. h3 Bf5 7. Bf4 e6 8. Nbd2 Nd7 9. g4 Bg6 10. Nh4 Nb6 11. a4 Qd8 12. Nxg6 hxg6 13. a5 Nc8 14. e4 dxe4 15. Nxe4 Nd6 16. Nc5 Rb8 17. Qa4 Qf6 18. Bg3 Qd8 19. 0-0-0 Be7 20. Bxc6+ Kf8 21. Nd7+ Kg8 22. Nxb8 Qxb8 23. Bg2 Kh7 24. h4 b5 25. axb6 Qxb6 26. Kc2 Rb8 27. b3 Nb7 28. Qc6 Qxc6 29. Bxc6 Na5 30. Ba4 1-0

[Event "Muensterland Verbandsliga 1920"]
[Site "Germany"]
[Date "2019.11.09"]
[Round "3.7"]
[White "Barkia, Sofyen"]
[Black "Frieske, Hilmar"]
[Result "0-1"]
[WhiteElo "1363"]
[BlackElo "1728"]
[PlyCount "20"]
[EventDate "2019.09.07"]
[EventType "team-tourn"]
[EventRounds "7"]
[EventCountry "GER"]
[SourceTitle "EXT 2023"]
[Source "ChessBase"]
[SourceDate "2022.10.05"]
[SourceVersion "1"]
[SourceVersionDate "2022.10.05"]
[SourceQuality "1"]
[WhiteTeam "Ibbenbueren"]
[BlackTeam "Gescher"]
[WhiteTeamCountry "GER"]
[BlackTeamCountry "GER"]

1. d4 Nf6 2. c4 e5 3. d5 Bc5 4. Bg5 Bxf2+ 5. Kxf2 Ng4+ 6. Ke1 Qxg5 7. Nf3 Qf5 8. Qb3 e4 9. Nfd2 Qf2+ 10. Kd1 Ne3+ 0-1

[Event "Muensterland Verbandsklasse 1718"]
[Site "Germany"]
[Date "2018.03.10"]
[Round "7.7"]
[White "Frieske, Hilmar"]
[Black "Hols, Bernhard"]
[Result "0-1"]
[WhiteElo "1720"]
[BlackElo "1773"]
[PlyCount "72"]
[EventDate "2017.09.16"]
[EventType "team-tourn"]
[EventRounds "9"]
[EventCountry "GER"]
[SourceTitle "EXT 2019"]
[Source "ChessBase"]
[SourceDate "2018.10.10"]
[SourceVersion "1"]
[SourceVersionDate "2018.10.10"]
[SourceQuality "1"]
[WhiteTeam "Gescher"]
[BlackTeam "Nordwalde"]
[WhiteTeamCountry "GER"]
[BlackTeamCountry "GER"]

1. e4 c5 2. Nf3 Nc6 3. d4 cxd4 4. Nxd4 d6 5. Nc3 Bd7 6. Be3 a6 7. Be2 Nf6 8. 0-0 Rc8 9. Bf3 Ne5 10. Be2 g6 11. Qd2 h5 12. Nf3 Neg4 13. Bf4 Qb6 14. Rab1 e5 15. Bg5 Ng8 16. Nd5 Qc5 17. h3 f6 18. hxg4 fxg5 19. Qxg5 Bxg4 20. Qxg6+ Kd7 21. Qf7+ Be7 22. Nxe7 Nxe7 23. c3 Rhg8 24. Qb3 Kc7 25. Rbd1 Bh3 26. Nh4 Kb8 27. Kh2 Bd7 28. Bxa6 Bc6 29. Bd3 Rcf8 30. Nf5 Nxf5 31. exf5 Rxg2+ 32. Kh3 Rxf2 33. Rg1 Qe3+ 34. Rg3 Rf3 35. Rdg1 Qxg1 36. Rxf3 Bxf3 0-1

[Event "Muensterland Verbandsklasse 1718"]
[Site "Germany"]
[Date "2018.01.27"]
[Round "5.7"]
[White "Bahr, Maximilian"]
[Black "Frieske, Hilmar"]
[Result "1-0"]
[WhiteElo "1679"]
[BlackElo "1720"]
[PlyCount "73"]
[EventDate "2017.09.16"]
[EventType "team-tourn"]
[EventRounds "9"]
[EventCountry "GER"]
[SourceTitle "EXT 2019"]
[Source "ChessBase"]
[SourceDate "2018.10.10"]
[SourceVersion "1"]
[SourceVersionDate "2018.10.10"]
[SourceQuality "1"]
[WhiteTeam "Emsdetten Rochade III"]
[BlackTeam "Gescher"]
[WhiteTeamCountry "GER"]
[BlackTeamCountry "GER"]

1. d4 Nf6 2. c4 e5 3. dxe5 Ng4 4. Nf3 Bc5 5. e3 Nc6 6. Nc3 Ngxe5 7. Be2 d6 8. 0-0 0-0 9. a3 a5 10. b3 Be6 11. Bb2 Rb8 12. Qc2 Nxf3+ 13. Bxf3 Ne5 14. Be2 f5 15. Rad1 Qh4 16. g3 Qh3 17. Nd5 Bxd5 18. Rxd5 Rf6 19. Bh5 Qxh5 20. Bxe5 Rh6 21. h4 dxe5 22. Rxc5 e4 23. Rxc7 Qg6 24. c5 Rxh4 25. Qc4+ Kh8 26. Rd1 Rh1+ 27. Kxh1 Qh5+ 28. Kg2 Qxd1 29. Qf7 Qf3+ 30. Kg1 Qd1+ 31. Kh2 Qg4 32. Rxb7 Rd8 33. c6 Rg8 34. c7 f4 35. Rb8 fxg3+ 36. fxg3 Qe2+ 37. Kh3 1-0

[Event "Muensterland Verbandsklasse 1516"]
[Site "Germany"]
[Date "2015.09.19"]
[Round "1.7"]
[White "Frieske, Hilmar"]
[Black "Schley, Alfred"]
[Result "1/2-1/2"]
[WhiteElo "1776"]
[BlackElo "1648"]
[PlyCount "84"]
[EventDate "2015.09.19"]
[EventType "team"]
[EventRounds "9"]
[EventCountry "GER"]
[SourceTitle "EXT 2017"]
[Source "ChessBase"]
[SourceDate "2016.10.25"]
[SourceVersion "1"]
[SourceVersionDate "2016.10.25"]
[SourceQuality "1"]
[WhiteTeam "Gescher"]
[BlackTeam "Stadtlohn"]
[WhiteTeamCountry "GER"]
[BlackTeamCountry "GER"]

1. e4 e5 2. Nf3 Nf6 3. Nc3 Bb4 4. d3 d5 5. exd5 Nxd5 6. Bd2 0-0 7. Be2 Nc6 8. a3 Bxc3 9. bxc3 f5 10. c4 Nf6 11. Bc3 Qe8 12. 0-0 e4 13. Nd4 Nxd4 14. Bxd4 b6 15. Re1 Bb7 16. Be3 Qg6 17. d4 Rad8 18. c3 Nd7 19. Qc1 f4 20. Bxf4 e3 21. f3 Rxf4 22. Qxe3 Rff8 23. Bd3 Qf6 24. Be4 Rfe8 25. Qd3 Bxe4 26. fxe4 Qg6 27. Qe3 Re7 28. Qf4 Nf6 29. e5 Nh5 30. Qh4 Rde8 31. Rf1 Rf7 32. Rxf7 Qxf7 33. Rf1 Qg6 34. g4 Rf8 35. Rxf8+ Kxf8 36. Qxh5 Qb1+ 37. Kg2 Qe4+ 38. Kg3 Qe3+ 39. Kg2 Qe4+ 40. Kf2 Qc2+ 41. Kf1 Qd3+ 42. Kf2 Qc2+ 1/2-1/2

[Event "Muensterland Verbandsklasse 1415"]
[Site "Germany"]
[Date "2015.02.07"]
[Round "6.6"]
[White "Cvetkovic, Reinhard"]
[Black "Frieske, Hilmar"]
[Result "1-0"]
[WhiteElo "1680"]
[BlackElo "1769"]
[PlyCount "67"]
[EventDate "2014.09.13"]
[EventType "team-tourn"]
[EventRounds "9"]
[EventCountry "GER"]
[SourceTitle "EXT 2016"]
[Source "ChessBase"]
[SourceDate "2015.10.08"]
[SourceVersion "1"]
[SourceVersionDate "2015.10.08"]
[SourceQuality "1"]
[WhiteTeam "Raesfeld Erle II"]
[BlackTeam "Gescher"]
[WhiteTeamCountry "GER"]
[BlackTeamCountry "GER"]

1. e4 e5 2. Nf3 Nc6 3. Bc4 Bc5 4. 0-0 d6 5. c3 Na5 6. Be2 Nc6 7. d4 exd4 8. cxd4 Bb6 9. a4 a6 10. Nc3 Bg4 11. Be3 Nge7 12. e5 d5 13. b4 Nf5 14. a5 Ba7 15. b5 axb5 16. Nxb5 0-0 17. Rc1 Bxf3 18. Bxf3 Bb8 19. Rc5 Nxe3 20. fxe3 Ne7 21. Qb3 Rxa5 22. Bxd5 Nxd5 23. Rxd5 Qe7 24. Rc5 b6 25. Rc6 Rc8 26. e6 f6 27. e4 g6 28. d5 Rd8 29. Rfc1 Kg7 30. Rxc7 Bxc7 31. Rxc7 Qxc7 32. Nxc7 Kf8 33. Qxb6 Ra1+ 34. Kf2 1-0

[Event "Muensterland Verbandsklasse 1415"]
[Site "Germany"]
[Date "2015.01.10"]
[Round "5.7"]
[White "Messelink, Gerrit"]
[Black "Frieske, Hilmar"]
[Result "0-1"]
[WhiteElo "1557"]
[BlackElo "1769"]
[PlyCount "92"]
[EventDate "2014.09.13"]
[EventType "team-tourn"]
[EventRounds "9"]
[EventCountry "GER"]
[SourceTitle "EXT 2016"]
[Source "ChessBase"]
[SourceDate "2015.10.08"]
[SourceVersion "1"]
[SourceVersionDate "2015.10.08"]
[SourceQuality "1"]
[WhiteTeam "Ahaus Wessum II"]
[BlackTeam "Gescher"]
[WhiteTeamCountry "GER"]
[BlackTeamCountry "GER"]

1. Nf3 Nf6 2. b3 g6 3. Bb2 Bg7 4. e3 d6 5. c4 0-0 6. Qc2 Nc6 7. a3 Bg4 8. Be2 e5 9. d3 Re8 10. h3 Bf5 11. e4 Be6 12. Nc3 a6 13. Nd5 Ne7 14. 0-0 c6 15. Nxf6+ Bxf6 16. d4 Qc7 17. dxe5 dxe5 18. Qc3 Bg7 19. Nxe5 f5 20. exf5 Nxf5 21. c5 Bd5 22. f4 Nh6 23. Bc4 Nf7 24. Bxd5 cxd5 25. Rae1 Rac8 26. b4 Re7 27. Qd2 Rd8 28. Nxf7 Rxf7 29. Bxg7 Kxg7 30. Qd4+ Kg8 31. Re5 Qc6 32. Rd1 Rfd7 33. Rde1 Rf7 34. Re7 Rdf8 35. R1e5 Rxf4 36. Rg7+ Kxg7 37. Re7+ Kh6 38. Qg7+ Kg5 39. Re5+ R8f5 40. Qe7+ Qf6 41. h4+ Rxh4 42. g3 Re4 43. Rxe4 dxe4 44. Qxe4 Rf1+ 45. Kg2 Qf2+ 46. Kh3 Qf5+ 0-1

[Event "Muensterland Verbandsklasse-B 1213"]
[Site "Germany"]
[Date "2013.02.23"]
[Round "6.7"]
[White "Frieske, Hilmar"]
[Black "Merkentrup, Ralf"]
[Result "1-0"]
[WhiteElo "1578"]
[BlackElo "1676"]
[PlyCount "80"]
[EventDate "2012.09.15"]
[EventType "team-tourn"]
[EventRounds "9"]
[EventCountry "GER"]
[SourceTitle "EXT 2015"]
[Source "ChessBase"]
[SourceDate "2014.11.20"]
[SourceVersion "1"]
[SourceVersionDate "2014.11.20"]
[SourceQuality "1"]
[WhiteTeam "Gescher"]
[BlackTeam "Beelen"]
[WhiteTeamCountry "GER"]
[BlackTeamCountry "GER"]

1. e4 c5 2. Nf3 d6 3. d4 cxd4 4. Nxd4 Nf6 5. Bd3 Qb6 6. 0-0 Bg4 7. Ne2 g6 8. Kh1 Bg7 9. f3 Bd7 10. Nbc3 Bc6 11. Nf4 Nbd7 12. Bc4 Qc5 13. Bb3 Nb6 14. Re1 0-0 15. a4 Qa5 16. Bd2 Nbd7 17. Nfd5 Qd8 18. Be3 b6 19. Qd2 Nc5 20. Bc4 Rc8 21. Bb5 Nxd5 22. exd5 Bb7 23. Bd4 a6 24. Bxg7 Kxg7 25. Qd4+ Kg8 26. Bd3 Nxd3 27. Qxd3 Rc5 28. b4 Rc7 29. Ne4 Qa8 30. c4 Rfc8 31. Nd2 h5 32. Qe3 Rxc4 33. Nxc4 Rxc4 34. Qxe7 Bxd5 35. Qxd6 Bxf3 36. Qg3 Bd5 37. h3 Rc2 38. Rg1 h4 39. Qg5 Rc4 40. Rgd1 Rc8 1-0

[Event "Muensterland Verbandsklasse-B 1213"]
[Site "Germany"]
[Date "2012.11.17"]
[Round "3.7"]
[White "Cigelski, Rudolf"]
[Black "Frieske, Hilmar"]
[Result "1-0"]
[WhiteElo "1748"]
[BlackElo "1578"]
[PlyCount "55"]
[EventDate "2012.09.15"]
[EventType "team-tourn"]
[EventRounds "9"]
[EventCountry "GER"]
[SourceTitle "EXT 2015"]
[Source "ChessBase"]
[SourceDate "2014.11.20"]
[SourceVersion "1"]
[SourceVersionDate "2014.11.20"]
[SourceQuality "1"]
[WhiteTeam "Telgte"]
[BlackTeam "Gescher"]
[WhiteTeamCountry "GER"]
[BlackTeamCountry "GER"]

1. e4 e5 2. Nc3 Nc6 3. f4 exf4 4. d4 Qh4+ 5. Ke2 Bb4 6. Nd5 f3+ 7. Nxf3 Qxe4+ 8. Ne3 Nf6 9. Kf2 d5 10. c3 Bd6 11. Bd3 Qe7 12. Re1 Ne4+ 13. Kg1 Be6 14. c4 Nb4 15. c5 Nxc5 16. dxc5 Bxc5 17. Kh1 Bxe3 18. Bxe3 Nxd3 19. Qxd3 c6 20. Qc3 Kd7 21. Ne5+ Kd8 22. Bc5 Qc7 23. Rad1 f6 24. Nc4 b6 25. Bf2 Qf7 26. Nd6 Qd7 27. Rxe6 Qxe6 28. Qxc6 1-0

[Event "Muensterland Verbandsklasse-A 0405"]
[Site "Muensterland"]
[Date "2005.02.12"]
[Round "6.5"]
[White "Kemper, Andreas"]
[Black "Frieske, Hilmar"]
[Result "1-0"]
[WhiteElo "1824"]
[BlackElo "1664"]
[PlyCount "93"]
[EventDate "2004.09.11"]
[EventType "team"]
[EventRounds "9"]
[EventCountry "GER"]
[SourceTitle "EXT 2006"]
[Source "ChessBase"]
[SourceDate "2005.11.24"]
[SourceVersion "1"]
[SourceVersionDate "2005.11.24"]
[SourceQuality "1"]
[WhiteTeam "Ahaus Wessum"]
[BlackTeam "Gesch II"]
[WhiteTeamCountry "GER"]
[BlackTeamCountry "GER"]

1. e4 d6 2. d4 Nf6 3. Nc3 g6 4. f3 Bg7 5. Be3 c6 6. Qd2 Qa5 7. g4 h5 8. g5 Nfd7 9. Bc4 Nb6 10. Bb3 c5 11. dxc5 dxc5 12. 0-0-0 0-0 13. Nd5 Qxd2+ 14. Rxd2 Nxd5 15. exd5 Nd7 16. f4 b6 17. Nf3 Bb7 18. Rf1 Ba6 19. c4 Rab8 20. a4 Bb7 21. Nh4 Rfe8 22. f5 Kh7 23. Bc2 Nf8 24. fxg6+ fxg6 25. Rf7 e5 26. Rdf2 Ba6 27. b3 Rb7 28. Rxb7 Bxb7 29. Rf7 Rb8 30. Bd2 Bc8 31. Rxa7 Rb7 32. Rxb7 Bxb7 33. a5 bxa5 34. Bxa5 e4 35. Bxe4 Be5 36. Nf3 Bd6 37. Bc3 Nd7 38. Kb2 Ba6 39. Ka3 Bc8 40. Nh4 Nf8 41. b4 Bxh2 42. bxc5 Bg3 43. Nf3 Bf5 44. Bxf5 gxf5 45. Be5 Bf2 46. c6 Bb6 47. c7 1-0

[Event "Muensterland Verbandsklasse-A 0405"]
[Site "Muensterland"]
[Date "2005.01.22"]
[Round "5.7"]
[White "Frieske, Hilmar"]
[Black "Sicking, Norbert"]
[Result "1/2-1/2"]
[WhiteElo "1664"]
[BlackElo "1749"]
[PlyCount "101"]
[EventDate "2004.09.11"]
[EventType "team"]
[EventRounds "9"]
[EventCountry "GER"]
[SourceTitle "EXT 2006"]
[Source "ChessBase"]
[SourceDate "2005.11.24"]
[SourceVersion "1"]
[SourceVersionDate "2005.11.24"]
[SourceQuality "1"]
[WhiteTeam "Gesch II"]
[BlackTeam "Heiden II"]
[WhiteTeamCountry "GER"]
[BlackTeamCountry "GER"]

1. e4 g6 2. d4 d6 3. Nc3 Bg7 4. Be3 Nc6 5. Nf3 Nf6 6. Qd2 Ng4 7. Bf4 0-0 8. h3 Nf6 9. Bh6 e5 10. Bxg7 Kxg7 11. d5 Ne7 12. 0-0-0 Nfg8 13. g4 h6 14. Ne1 f5 15. gxf5 gxf5 16. f4 exf4 17. Qxf4 Ng6 18. Rg1 Kh7 19. Qg3 Qf6 20. exf5 Bxf5 21. Bd3 Bxd3 22. Nxd3 N8e7 23. Rde1 Nf5 24. Qg4 Nfh4 25. Ref1 Qe7 26. Kb1 Rxf1+ 27. Rxf1 Rf8 28. Re1 Qf7 29. a3 Nf3 30. Re2 Nfe5 31. Nxe5 Nxe5 32. Qe4+ Ng6 33. Qg4 a6 34. Re3 Nf4 35. Re4 Nxd5 36. Nxd5 Qxd5 37. Re7+ Rf7 38. Rxf7+ Qxf7 39. Qe4+ Kg7 40. Qxb7 Qf1+ 41. Ka2 Qc4+ 42. Kb1 a5 43. Qg2+ Kf6 44. Qf3+ Kg5 45. Qe3+ Kh5 46. Qf3+ Kg5 47. Qe3+ Kg6 48. Qg3+ Kf6 49. Qf3+ Kg6 50. Qg3+ Kf6 51. Qf3+ 1/2-1/2

[Event "Muensterland Verbandsklasse-A 0304"]
[Site "Germany"]
[Date "2003.10.04"]
[Round "2.7"]
[White "Jarre, Nikolai"]
[Black "Frieske, Hilmar"]
[Result "1-0"]
[WhiteElo "1725"]
[BlackElo "1695"]
[PlyCount "103"]
[EventDate "2003.09.20"]
[EventType "team"]
[EventRounds "9"]
[EventCountry "GER"]
[SourceTitle "EXT 2005"]
[Source "ChessBase"]
[SourceDate "2004.11.15"]
[SourceVersion "1"]
[SourceVersionDate "2004.11.15"]
[SourceQuality "1"]
[WhiteTeam "Muenster V"]
[BlackTeam "Gesch II"]
[WhiteTeamCountry "GER"]
[BlackTeamCountry "GER"]

1. e4 e6 2. d3 Nc6 3. g3 Nf6 4. Bg2 Bc5 5. Ne2 e5 6. Nbc3 a6 7. 0-0 d6 8. Bg5 Be6 9. Nd5 h6 10. Bxf6 gxf6 11. Nec3 h5 12. h3 Nb4 13. Ne3 Nc6 14. Ncd5 Nb4 15. c3 Nxd5 16. Nxd5 Bxd5 17. exd5 Qd7 18. d4 Bb6 19. Kh2 0-0-0 20. Qf3 Rh6 21. h4 Kb8 22. Bh3 Qb5 23. a4 Qe8 24. Rfe1 Qg8 25. Re4 Re8 26. a5 Ba7 27. Rae1 Qg6 28. Bf5 Qg7 29. Qe2 Rhh8 30. b4 Qf8 31. b5 axb5 32. Qxb5 Rd8 33. Rb1 b6 34. Qc6 Qe8 35. axb6 cxb6 36. dxe5 Qxc6 37. dxc6 fxe5 38. Ra4 f6 39. c7+ Kxc7 40. Rxa7+ Kc6 41. c4 d5 42. cxd5+ Kxd5 43. Rxb6 Rhf8 44. Raa6 e4 45. Rxf6 Rxf6 46. Rxf6 Ke5 47. Rf7 Rd2 48. Kg1 Rd1+ 49. Kg2 Rd2 50. Kf1 Rb2 51. Bg6 Rb1+ 52. Kg2 1-0